Cellular aging and cell death (Record no. 42256)

MARC details
000 -LEADER
fixed length control field 00341nam a2200133Ia 4500
082 ## - DEWEY DECIMAL CLASSIFICATION NUMBER
Classification number 577.24
Item number HOL
100 ## - MAIN ENTRY--AUTHOR NAME
Personal name Holbrook, Nikki J
245 #0 - TITLE STATEMENT
Title Cellular aging and cell death
260 ## - PUBLICATION, DISTRIBUTION, ETC. (IMPRINT)
Place of publication New York
Name of publisher Wiley-Liss Inc
Year of publication 1996
650 ## - SUBJECT ADDED ENTRY--TOPICAL TERM
Topical Term Apoptosis
650 ## - SUBJECT ADDED ENTRY--TOPICAL TERM
Topical Term Oxidative stress
942 ## - ADDED ENTRY ELEMENTS (KOHA)
Koha item type Books
Holdings
Withdrawn status Lost status Damaged status Not for loan Home library Current library Date acquired Cost, normal purchase price Full call number Accession Number Koha item type
        RRII Library RRII Library 16/12/2021 169.00 577.24 HOL 22531 Books